| 000 | 00730nam a2200229Ia 4500 | ||
|---|---|---|---|
| 003 | GCL | ||
| 008 | 140319s9999 xx 000 0 ara d | ||
| 020 | _a9875621977 | ||
| 040 |
_aGCL / _cGCL |
||
| 082 | 0 | 4 |
_a658.3 _bم ا |
| 100 | 1 | _aماكجى، آن | |
| 245 | 1 | 0 |
_aالتفكير الايجابى / _cماكجى، آن |
| 700 | 1 | _aترامبل، دوين | |
| 260 |
_aالقاهرة : _bمركز الخبرات المهنية للادارة بميك ، _c2000 |
||
| 300 |
_a191 ص ؛ _c24 سم |
||
| 490 |
_aسلسلة اصدارات بميك _v22 |
||
| 650 | 0 | 4 | _aادارة الاعمال |
| 650 | 0 | 4 | _aادارة الافراد |
| 650 | 0 | 4 | _aالمنطق |
| 650 | 0 | 4 | _aالتفكير العلمى |
| 942 |
_2ddc _cBK |
||
| 999 |
_c5654 _d5654 |
||